000 00292nam a22001337a 4500
008 170207b xxu||||| |||| 00| 0 eng d
020 _a9780071402354
041 _aeng
080 _216ED
_a61
100 _a4
101 _aSHM
245 _aINTERNAL MEDICINE
_cKASPER FAUCI
942 _2udc
_cBK
999 _c4848
_d4848